Libro médico azul de fórmulas y notas terapéuticas y reports sobre nuevos adelantos en la química y farmacia. (Record no. 157713)
[ view plain ]
| 000 -LEADER | |
|---|---|
| campo de control de longitud fija | 01130nam a22001815i 4500 |
| 001 - NÚMERO DE CONTROL | |
| campo de control | 157713 |
| 003 - IDENTIFICADOR DE NÚMERO DE CONTROL | |
| campo de control | ES-MaACL |
| 005 - FECHA Y HORA DE LA ÚLTIMA TRANSACCIÓN | |
| campo de control | 20230906210823.0 |
| 008 - DATOS DE LONGITUD FIJA--INFORMACIÓN GENERAL | |
| campo de control de longitud fija | 970917m18831884xxka |||| | spa d |
| 040 ## - FUENTE DE CATALOGACIÓN | |
| Centro catalogador/agencia de origen | AN |
| Lengua de catalogación | spa |
| Centro/agencia transcriptor | AN |
| 245 00 - MENCIÓN DEL TÍTULO | |
| Título | Libro médico azul de fórmulas y notas terapéuticas y reports sobre nuevos adelantos en la química y farmacia. |
| 260 ## - PUBLICACIÓN, DISTRIBUCIÓN, ETC. | |
| Lugar de publicación, distribución, etc. | Londres : |
| Nombre del editor, distribuidor, etc. | Burroughs, Wellcome y Cia., |
| Fecha de publicación, distribución, etc. | 1883-[1884] |
| 300 ## - DESCRIPCIÓN FÍSICA | |
| Extensión | 2 v. (256 ; XVI, 331 p., [2] h. de lám.) : |
| Otras características físicas | il. ; |
| Dimensiones | 17 cm. |
| 594 #1 - Nota al título y mención de responsabilidad | |
| Nota al título y mención de responsabilidad | Tít. del t. II: Libro médico azul : compilación de dictamenes de la facultad de medicina de España sobre el valor terapéutico de los últimos adelantos en química y farmacia, con fórmulas, notas terapéuticas en índice de enfermedades y remedios / pr Carlos J. Christie. |
| 596 #1 - NOTA AL PIE DE IMPRENTA | |
| NOTA AL PIE DE IMPRENTA | Prelim. de la parte II fechados en 1884. |
| 700 11 - ENTRADA AGREGADA--NOMBRE PERSONAL | |
| Nombre de persona | Christie, Carlos J. |
| 9 (RLIN) | 126490 |
| 852 ## - LOCALIZACIÓN | |
| Ubicación | ES-MaACL |
| Número de control de estantería | G-10149-50 |
| Nota libre | -- Enc. editorial en tela con letras y cortes dorados |
| -- | -- Dedicatoria ms. de G.Saenz Diez al Ateneo de Madrid |
| Encuadernación | -- Edic.: El imp. del t.I es H. Blacklock & co. y del t.II Imprenta de Bradbury, Wilkinson y Cia |
| Estatus retirado | Estado de pérdida | Estado de daño | No para préstamo | Colección | Biblioteca de origen | Biblioteca actual | Ubicación en estantería | Fecha de adquisición | Total de préstamos | Signatura topográfica completa | Código de barras | Visto por última vez | Precio de reemplazo | Tipo de ítem Koha |
|---|---|---|---|---|---|---|---|---|---|---|---|---|---|---|
| Libros del s. XIX | Biblioteca del Ateneo de Madrid | Biblioteca del Ateneo de Madrid | Sala Pecera Planta 3 | 17/01/2008 | G-10149-50 | 1165044 | 23/02/2023 | 23/02/2023 | Libro impreso antiguo |
